Anagram Word Stairs II Quiz Stats

Quiz Updated Nov 11, 2016

Challenge
Share
Tweet
Embed
Score 0/27 Timer 04:00
0 Plays Today
Hint Answer % Correct
Chemical Symbol for NitrogenN
99%
__, Claudius, 1934 novel by Robert Graves set in ancient RomeI
98.9%
A preposition meaning the opposite of outIn
98.4%
__ Woman, __ Cry, song by Bob MarleyNo
97%
Earth's longest riverNile
94.7%
Short story writer _. HenryO
93.3%
Jeremy ___, Taiwanese-American professional basketball playerLin
91.9%
Name of the protagonist in 'The Matrix' trilogyNeo
91.8%
Noble Gas with the atomic number 10Neon
91%
Jupiter's third largest moonIo
90.4%
An electrically charged atom or moleculeIon
90.1%
A permit or certificate, particularly in relation to driving (US Spelling)License
89.3%
A metal disc or piece used as moneyCoin
88.5%
James Bond might affix one of these to the end of his gunSilencer
86.6%
Hint Answer % Correct
Yours _______, a form of valediction used in formal lettersSincerely
84.6%
Parallel ____, 1978 Blondie albumLines
83.3%
US State on the Canadian border, with St. Paul as its capitalMinnesota
80.2%
Bewildered or decrepit, particularly from old ageSenile
77.3%
To propose as a candidate for an election or awardNominate
71.9%
An honorable _______, a form of recognition or commendationMention
71.7%
Unit of mass equal to 1000 kilogramsTonne
53.4%
One who believes that nothing can be known of the existence or nature of GodAgnostic
53%
A type of carbonated water usually flavoured with quinineTonic
49.5%
Longing for things or people from the pastNostalgic
43.2%
Speak or recite in a singing voiceIntone
34.3%
______ Man, international name given to G.I. JoeAction
23.7%
A layer of a substance spread over a surfaceCoating
18.8%

You're not logged in!

Compare scores with friends on all Sporcle quizzes.
Sign Up with Email
OR
Log In

You Might Also Like...

Show Comments

Extras

Top Quizzes Today


Score Distribution

Your Account Isn't Verified!

In order to create a playlist on Sporcle, you need to verify the email address you used during registration. Go to your Sporcle Settings to finish the process.